| 000 | 00508nam a2200169 a 4500 | ||
|---|---|---|---|
| 001 | 3355 | ||
| 003 | CDMR | ||
| 005 | 20130326121834.0 | ||
| 008 | 130130s1995||||||||||||||||||||||||||||d | ||
| 020 | _a8488645589 | ||
| 040 |
_aCDMR _bcat _cCPC LLEIDA |
||
| 100 | 1 |
_aBurgueño, Jesús _92419 |
|
| 245 | 1 | 0 |
_aReordenament territorial a l'Espanya contemporània _b: la província de Lleida (1800-1850) _cJesús BURGUEÑO |
| 260 |
_aLleida _c1995 _bUniversitat de Lleida |
||
| 490 | 0 |
_aEspai/Temps _v25 |
|
| 942 |
_cMON _2udc |
||
| 999 |
_c3355 _d3355 |
||